000 00576nam a2200217Ia 4500
003 OSt
005 20220928145721.0
006 a|||||r|||| 00| 0
007 ta
008 220927b |||||||| |||| 00| 0 eng d
024 _a82497
037 _cTextual
040 _aSDCL
_cSDCL
_beng
041 _2eng
_aeng
082 _aXv3'M8, L3
100 _aRecktenwald Horst Claus Ed.
_9514408
245 0 _aPolitical economy
_bA historical perspective.
260 _c1973
942 _hXv3'M8, L3
_cTEXL
_2CC
999 _c835161
_d835161